000 01609cam a2200133 4500500
005 20251214002803.0
041 _afre
042 _adc
100 1 0 _aBlay, Michel
_eauthor
245 0 0 _aDieu, la Nature et l'Homme : L'originalité de l'Occident
260 _bArmand Colin,
_c2013.
520 _aNous sommes confrontés à l’épuisement des ressources, à la pollution, aux défis des biotechnologies et autres nanotechnologies, mais aussi à la solitude, au travail dans l’oubli du sens des métiers et l’automatisation des actes.Ces questions peuvent apparaître indépendantes les unes des autres et relever de domaines différents comme la protection de la nature, le droit du travail, le management, etc. Bien au contraire elles doivent être abordées globalement : la thèse principale de cet ouvrage est de montrer que ces questions trouvent leur cohérence si on les rapporte à l’originalité de l’idée que l’on se fait de la nature dans le monde occidentalUne idée qui a rendu possible la science et la technique, mais au prix de l’abandon du monde de l’exister, de la présence des êtres et des choses, bien que ce monde fut inclus dans l’idée originelle occidentale de la nature.Un des objectifs de ce livre consiste à se réapproprier, sans nier la science, ce monde de l’exister, de notre exister et cela dans un geste de résistance pour ne pas mourir étouffé sous l’emprise à la fois technicienne et néolibérale du monde en gestation.
856 4 1 _uhttps://shs.cairn.info/dieu-la-nature-et-l-homme--9782200277727?lang=fr&redirect-ssocas=7080
999 _c1567456
_d1567456